<?xml version="1.0" encoding="UTF-8"?><?xml-stylesheet type="text/xsl" href="static/style.xsl"?><OAI-PMH xmlns="http://www.openarchives.org/OAI/2.0/" xmlns:xsi="http://www.w3.org/2001/XMLSchema-instance" xsi:schemaLocation="http://www.openarchives.org/OAI/2.0/ http://www.openarchives.org/OAI/2.0/OAI-PMH.xsd"><responseDate>2026-04-14T17:52:33Z</responseDate><request verb="GetRecord" identifier="oai:uvadoc.uva.es:10324/28607" metadataPrefix="marc">https://uvadoc.uva.es/oai/request</request><GetRecord><record><header><identifier>oai:uvadoc.uva.es:10324/28607</identifier><datestamp>2021-06-24T02:03:50Z</datestamp><setSpec>com_10324_30605</setSpec><setSpec>com_10324_894</setSpec><setSpec>col_10324_41</setSpec></header><metadata><record xmlns="http://www.loc.gov/MARC21/slim" xmlns:doc="http://www.lyncode.com/xoai" xmlns:xsi="http://www.w3.org/2001/XMLSchema-instance" xmlns:dcterms="http://purl.org/dc/terms/" xsi:schemaLocation="http://www.loc.gov/MARC21/slim http://www.loc.gov/standards/marcxml/schema/MARC21slim.xsd">
<leader>00925njm 22002777a 4500</leader>
<datafield tag="042" ind1=" " ind2=" ">
<subfield code="a">dc</subfield>
</datafield>
<datafield tag="720" ind1=" " ind2=" ">
<subfield code="a">Agudelo Castañeda, Jairo Humberto</subfield>
<subfield code="e">author</subfield>
</datafield>
<datafield tag="260" ind1=" " ind2=" ">
<subfield code="c">2017</subfield>
</datafield>
<datafield tag="520" ind1=" " ind2=" ">
<subfield code="a">Entender cómo se establecen las relaciones simbólicas en y con el paisaje urbano, cómo se lee la ciudad y se establecen empatías y apatías, que se expresan en geografías semióticas, imaginarios y relatos urbanos simbólicos, es el objetivo de esta investigación; y para lograrlo, se establecieron tres dimensiones que la ciudad propone, la espacial o topológica, la objetual o plástica y la social; todas ellas simbólicas, se implican y determinan recíprocamente, en un proceso de construcción de identidades sociales de los habitantes con sus espacios, y a partir de éstas, con ellos mismos, así se entiende el espacio como mediador de lazos sociales que consolidan el paisaje y la realidad social urbana.</subfield>
</datafield>
<datafield tag="024" ind2=" " ind1="8">
<subfield code="a">http://uvadoc.uva.es/handle/10324/28607</subfield>
</datafield>
<datafield tag="024" ind2=" " ind1="8">
<subfield code="a">b1788400</subfield>
</datafield>
<datafield tag="024" ind2=" " ind1="8">
<subfield code="a">10.35376/10324/28607</subfield>
</datafield>
<datafield ind1=" " ind2=" " tag="653">
<subfield code="a">Urbanismo</subfield>
</datafield>
<datafield ind1=" " ind2=" " tag="653">
<subfield code="a">Geografía urbana</subfield>
</datafield>
<datafield ind1=" " ind2=" " tag="653">
<subfield code="a">Geografía humana</subfield>
</datafield>
<datafield tag="245" ind1="0" ind2="0">
<subfield code="a">Empatías urbanas: la lectura semiótica del espacio y la construcción de sentido urbano</subfield>
</datafield>
</record></metadata></record></GetRecord></OAI-PMH>